| 000 | 00462nam a2200193Ia 4500 | ||
|---|---|---|---|
| 008 | 160819s9999 xx 000 0 und d | ||
| 020 | _a1-4050-555-4 | ||
| 050 | _aCUL TX 689.5 | ||
| 050 | _b.P73 2003 | ||
| 245 | _aPractical wok & stir-fry / | ||
| 260 | _aUnited Kingdom : | ||
| 260 | _bP3 Book, | ||
| 260 | _c2003 | ||
| 300 | _a32 pages : | ||
| 300 | _bcolor illustrations ; | ||
| 300 | _c22 cm. | ||
| 650 | _aStir frying. | ||
| 650 | _xWok cooking. | ||
| 999 |
_c300686 _d300686 |
||